000 00402nam a2200169Ia 4500
001 16593
003 IN-NITTTR
005 20251114233157.0
008 251113s9999||||xx |||||||||||||| ||eng||
040 _beng
040 _cIN-NITTTR
041 _aeng
082 _a300.72 K538R
100 _aKidder, Louise H.
245 0 _aResearch methods social relations /
_cKidder, Louise H.
942 _2ddc
_cBK
999 _c19227
_d19227